[Event "Charleville Mezieres op 14th"]
[Site "Charleville Mezieres"]
[Date "2017.12.26"]
[Round "1"]
[White "Vielle, Eric"]
[Black "Leclere, Jean Yves"]
[Result "0-1"]
[WhiteElo "1250"]
[BlackElo "1695"]
[PlyCount "76"]
[EventDate "2017.12.26"]
[EventType "swiss"]
[EventRounds "7"]
[EventCountry "FRA"]
[SourceTitle "CBM 182 Extra"]
[Source "ChessBase"]
[SourceDate "2018.02.23"]
[SourceVersion "1"]
[SourceVersionDate "2018.02.23"]
[SourceQuality "1"]

1. e4 c5 2. Nf3 d5 3. exd5 Qxd5 4. Nc3 Qd6 5. Bc4 a6 6. Ng5 e6 7. 0-0 b5 8. Bd3 Nf6 9. Qf3 Ra7 10. Qh3 h6 11. Nge4 Nxe4 12. Nxe4 Qd4 13. Qg3 Nc6 14. c3 Qd5 15. Bc2 Ne5 16. d4 cxd4 17. Rd1 Nc6 18. Be3 e5 19. cxd4 exd4 20. Nc3 Qc5 21. Bxd4 Nxd4 22. Qe3+ Ne6 23. Qxc5 Bxc5 24. Nd5 0-0 25. Bf5 Nd4 26. Be4 Bg4 27. Rd2 Rd7 28. Rc1 Ba7 29. h3 Ne2+ 30. Rxe2 Bxe2 31. Nf4 Rd1+ 32. Rxd1 Bxd1 33. b3 Rd8 34. Nd5 Kf8 35. Nc7 Rd2 36. Nd5 Rxf2 37. Bd3 Rd2+ 38. Kh1 Rxd3 0-1